000 00699cab a22001935a 4500
001 L153086
008 110607s2011 xxka f 000 0 eng d
035 _a(Sirsi) u153086
041 0 _aeng
245 0 0 _aReady for the earthquake, but not the waves
_bwhy Japan's earthquake-ready homes failed to withstand the tsunami
260 _c2011
490 _aCivil Engineering Surveyor
_vJune 2011, 20(1)
520 _aLooks at the design of earthquake resistant buildings and the problems associated with building tsunami resistant homes.
590 _aKA
651 4 _aJapan
690 _aBUILT ENVIRONMENT-CONSTRUCTION MANAGEMENT
690 _aBUILT ENVIRONMENT-BUILDING PATHOLOGY
942 _n0
999 _c83181
_d83181